Conquering sickness : race, health, and colonization in the Texas borderlands /

Bibliographic Details
Main Author: Goldberg, Mark Allan
Corporate Author: ProQuest (Firm)
Format: eBook
Language:English
Published: Lincoln : University of Nebraska Press, [2016]
Series:Borderlands and transcultural studies.
Subjects:
Online Access:Connect to the full text of this electronic book

MARC

Tag First Indicator Second Indicator Subfields
LEADER 00000cam a22000001i 4500
001 in00004539621
005 20190418084812.0
006 m |o d |
007 cr |n|||||||||
008 170210t20162016nbuab ob 001 0 eng d
020 |a 9780803295841 (electronic bk.) 
020 |a 0803295847 (electronic bk.) 
020 |z 9780803285880 
020 |z 0803285884 
035 |a (NhCcYBP)ebc4770678 
040 |a NhCcYBP  |c NhCcYBP  |d UtOrBLW 
050 4 |a RA448.5.M4  |b G65 2016 
060 4 |a WZ 70 AT4 
082 0 4 |a 362.109764  |2 23 
100 1 |a Goldberg, Mark Allan.  |0 http://id.loc.gov/authorities/names/n2017182514 
245 1 0 |a Conquering sickness :  |b race, health, and colonization in the Texas borderlands /  |c Goldberg, Mark Allan. 
264 1 |a Lincoln :  |b University of Nebraska Press,  |c [2016] 
264 4 |c ©2016 
300 |a 1 online resource. 
336 |a text  |b txt  |2 rdacontent 
337 |a computer  |b c  |2 rdamedia 
338 |a online resource  |b cr  |2 rdacarrier 
490 1 |a Borderlands and transcultural studies 
500 |a Description based on print version record. 
504 |a Includes bibliographical references and index. 
588 |a Description based on print version record. 
650 0 |a Health and race  |z Texas. 
650 0 |a Health and race  |z Mexican-American Border Region. 
651 0 |a Mexican-American Border Region  |x Colonization. 
650 2 |a History of Medicine.  |0 https://id.nlm.nih.gov/mesh/D006666 
651 2 |a Texas.  |0 https://id.nlm.nih.gov/mesh/D013781 
655 7 |a Electronic books.  |2 local 
710 2 |a ProQuest (Firm)  |0 http://id.loc.gov/authorities/names/n2007068018 
776 1 8 |c Original  |z 9780803285880  |z 0803285884 
830 0 |a Borderlands and transcultural studies.  |0 http://id.loc.gov/authorities/names/no2012076633 
856 4 0 |u http://proxy.library.tamu.edu/login?url=http://ebookcentral.proquest.com/lib/tamum-ebooks/detail.action?docID=4770678  |z Connect to the full text of this electronic book  |t 0 
955 |a PDA YBP record 
999 f f |s 2c226093-8fcf-3496-89ab-6d0256024845  |i 4614042d-426d-3b11-bf87-6a356109bd4d  |t 0 
952 f f |a Texas A&M University  |b College Station  |c Electronic Resources  |d Available Online  |t 0  |e WZ 70 AT4  |h Library of Congress classification 
998 f f |a WZ 70 AT4  |t 0  |l Available Online